000 00445nam a2200169Ia 4500
999 _c283
_d283
003 OSt
005 20210908101516.0
008 190216s9999||||xx |||||||||||||| ||und||
040 _coclc
082 _a297.124
_bDEM/R
100 _aDemasci, Navavi
_98802
245 0 _aRiyadu Ssaliheen /
_cNavavi Demasci
260 _bModern Pub,
300 _a736p
650 _aArabic
942 _cBK
_2ddc
_h297.124
_iDEM/R
_k297.124
_mDEM/R